000 00255nam a2200097Ia 4500
008 230508s2013 xx 000 0 und d
041 _aeng
100 _aDR.BANSAL R.K
245 _aA TEXT BOOK OF STRENGTH OF MATERIALS
260 _bLAXIMI PUBLICATIONS
_c2013
999 _c313257
_d313257